Effectif Juventus 2025/2026 - Statistiques

Statistiques générales
  • Ce quiz a été pris 836 fois
    179 depuis la dernière actualisation
  • Le résultat moyen est 21 sur 26
Statistiques - réponses
Poste Numéro Pays Joueur % Correct
ATT 30 Canada Jonathan David
93%
ATT 10 Turquie Kenan Yildiz
92%
MIL 19 France Khéphren Thuram
92%
ATT 9 Serbie Dusan Vlahovic
91%
DEF 3 Brésil Bremer
90%
G 16 Italie Michele Di Gregorio
90%
MIL 5 Italie Manuel Locatelli
88%
MIL 22 États-Unis Weston McKennie
88%
ATT 20 Belgique Loïs Openda
87%
ATT 11 Kosovo Edon Zhegrova
86%
ATT 7 Portugal Francisco Conceição
86%
DEF 15 France Pierre Kalulu
86%
ATT 14 Pologne Arkadiusz Milik
81%
MIL 8 Pays-bas Teun Koopmeiners
81%
G 1 Italie Mattia Perin
78%
DEF 4 Italie Frederico Gatti
77%
COACH - Italie Luciano Spalletti
74%
DEF 6 Angleterre Lloyd Kelly
73%
MIL 18 Serbie Filip Kostić
72%
DEF 27 Italie Andrea Cambiaso
70%
ATT 13 Côte d'Ivoire Jérémie Boga
69%
MIL 21 Italie Fabio Miretti
68%
DEF 32 Colombie Juan Cabal
68%
MIL 17 Monténégro Vasilije Adžić
60%
G 23 Italie Carlo Pinsoglio
59%
DEF 2 Suède Emil Holm
57%
Aucun quiz correspondant
Distribution des résultats
% des personnes avec chaque résultat
Percentile par nombre de réponses
Votre historique - résultats
Vous n’avez pas pris ce quiz depuis la dernière actualisation